000 004560000a22001690004500
003 LK-CoMWRAF
008 230817t ||||| |||| 00| 0 eng d
040 _aLK-CoMWRAF
_dLK-CoMWRAF
_eLK-CoMWRAF
041 _aeng
082 _a155
_bPOL
245 _aPolitical Islam in the middle east and north africa
_b
260 _aBlinderb
_bNorth/South Coalition
_c1996
300 _ap.76
490 _aInformation bulletin no.2,1996
650 _aIslam
942 _cBK
999 _c237
_d237